000 00768cam a22002171 4500
001 ne 65001998
003 DLC
005 20260227111816.0
008 840112s1963 ua 000 0 arar
010 _ane 65001998
035 _a(OCoLC)10292501
040 _aDLC
_cTxU
_dOCoLC
_dDLC
042 _apremarc
050 0 0 _aHC59.7
_b.K45
100 1 _aKhalīl, Khalīl Ḥasan.
245 1 0 _aMuḥāḍarāt fī al-tanmiyah al-iqtiṣādīyah,
_calqāhā Khalīl Ḥasan Khalīl ʻalá ṭalabat qism al-dirāsāt al-iqtiṣādīyah.
260 _a[al-Qāhirah] :
_bJāmiʻat al-Duwal al-ʻArabīyah, Maʻhad al-Dirāsāt al-ʻArabīyah al-ʻĀliyah,
_c1963.
300 _a224 p. ;
_c24 cm.
504 _aBibliography: p. [223]-224.
651 0 _aDeveloping countries.
999 _c48371
_d48371